Photo analysis (Record no. 32084)

MARC details
000 -LEADER
fixed length control field 00267nam a2200109Ia 4500
082 ## - DEWEY DECIMAL CLASSIFICATION NUMBER
Classification number 077
Item number AKE
100 ## - MAIN ENTRY--AUTHOR NAME
Personal name Akeret, Robert V
245 #0 - TITLE STATEMENT
Title Photo analysis
260 ## - PUBLICATION, DISTRIBUTION, ETC. (IMPRINT)
Place of publication New York
Name of publisher Simon and Schuster
Year of publication 1973
942 ## - ADDED ENTRY ELEMENTS (KOHA)
Koha item type Books
Holdings
Withdrawn status Lost status Damaged status Not for loan Home library Current library Date acquired Cost, normal purchase price Full call number Accession Number Koha item type
        RRII Library RRII Library 16/12/2021 34.35 077 AKE 12610 Books